MARC details
| 001 - CONTROL NUMBER |
| control field |
22790135 |
| 003 - CONTROL NUMBER IDENTIFIER |
| control field |
000 |
| 005 - DATE AND TIME OF LATEST TRANSACTION |
| control field |
20251017111353.0 |
| 008 - FIXED-LENGTH DATA ELEMENTS--GENERAL INFORMATION |
| fixed length control field |
220914s2023 flu b 001 0 eng |
| 010 ## - LIBRARY OF CONGRESS CONTROL NUMBER |
| LC control number |
2022029013 |
| 020 ## - INTERNATIONAL STANDARD BOOK NUMBER |
| International Standard Book Number |
9781032187556 |
| 035 ## - SYSTEM CONTROL NUMBER |
| System control number |
22790135 |
| 040 ## - CATALOGING SOURCE |
| Original cataloging agency |
DLC |
| Language of cataloging |
eng |
| Description conventions |
rda |
| Transcribing agency |
DLC |
| 042 ## - AUTHENTICATION CODE |
| Authentication code |
pcc |
| 050 00 - LIBRARY OF CONGRESS CALL NUMBER |
| Classification number |
Q 335 .A47 |
| 082 00 - DEWEY DECIMAL CLASSIFICATION NUMBER |
| Classification number |
006.3 |
| Edition number |
23/eng20221031 |
| 100 ## - MAIN ENTRY--PERSONAL NAME |
| Personal name |
Siddique, Nazmul (editor) |
| 245 00 - TITLE STATEMENT |
| Title |
Applied intelligence for industry 4.0 / |
| Statement of responsibility, etc |
edited by Nazmul Siddique, Mohammad Shamsul, M. Shamim Kaiser, and A.S.M. Kayes. |
| 263 ## - PROJECTED PUBLICATION DATE |
| Projected publication date |
2212 |
| 264 #1 - PUBLICATION, DISTRIBUTION, ETC. (IMPRINT) |
| Place of publication, distribution, etc |
Boca Raton, FL : |
| Name of publisher, distributor, etc |
CRC Press, |
| Date of publication, distribution, etc |
2023. |
| 300 ## - PHYSICAL DESCRIPTION |
| Extent |
xviii, 260p. ill. |
| 336 ## - CONTENT TYPE |
| Content type term |
text |
| Content type code |
txt |
| Source |
rdacontent |
| 337 ## - MEDIA TYPE |
| Media type term |
unmediated |
| Media type code |
n |
| Source |
rdamedia |
| 338 ## - CARRIER TYPE |
| Carrier type term |
volume |
| Carrier type code |
nc |
| Source |
rdacarrier |
| 504 ## - BIBLIOGRAPHY, ETC. NOTE |
| Bibliography, etc |
Includes bibliographical references and index. |
| 520 ## - SUMMARY, ETC. |
| Summary, etc |
"We are in the era of Fourth Industrial Revolution where AI plays vital roles in human development by enabling extraordinary technological advances and making a fundamental change to the way we live, work and relate to one another"-- |
| Assigning source |
Provided by publisher. |
| 650 #0 - SUBJECT ADDED ENTRY--TOPICAL TERM |
| Topical term or geographic name as entry element |
Artificial intelligence |
| General subdivision |
Industrial applications. |
| 700 1# - ADDED ENTRY--PERSONAL NAME |
| Personal name |
Siddique, N. H., |
| Relator term |
editor. |
| 776 08 - ADDITIONAL PHYSICAL FORM ENTRY |
| Relationship information |
Online version: |
| Title |
Applied intelligence for industry 4.0 |
| Edition |
First edition. |
| Place, publisher, and date of publication |
Boca Raton, FL : CRC Press, 2023 |
| International Standard Book Number |
9781003256083 |
| Record control number |
(DLC) 2022029014 |
| 906 ## - LOCAL DATA ELEMENT F, LDF (RLIN) |
| a |
7 |
| b |
cbc |
| c |
orignew |
| d |
1 |
| e |
ecip |
| f |
20 |
| g |
y-gencatlg |
| 942 ## - ADDED ENTRY ELEMENTS (KOHA) |
| Source of classification or shelving scheme |
Library of Congress Classification |
| Koha item type |
Books |